<?xml version="1.0" encoding="UTF-8"?>
<record
    xmlns:xsi="http://www.w3.org/2001/XMLSchema-instance"
    xsi:schemaLocation="http://www.loc.gov/MARC21/slim http://www.loc.gov/standards/marcxml/schema/MARC21slim.xsd"
    xmlns="http://www.loc.gov/MARC21/slim">

  <leader>03653cam a22004697i 4500</leader>
  <controlfield tag="001">19007256</controlfield>
  <controlfield tag="003">OSt</controlfield>
  <controlfield tag="005">20240530110629.0</controlfield>
  <controlfield tag="008">160308t20152015ua abe   b    001 0 eng d</controlfield>
  <datafield tag="010" ind1=" " ind2=" ">
    <subfield code="a">  2015510841</subfield>
  </datafield>
  <datafield tag="020" ind1=" " ind2=" ">
    <subfield code="a">9789774166914</subfield>
  </datafield>
  <datafield tag="020" ind1=" " ind2=" ">
    <subfield code="a">9774166914</subfield>
  </datafield>
  <datafield tag="035" ind1=" " ind2=" ">
    <subfield code="a">(OCoLC)ocn893455408</subfield>
  </datafield>
  <datafield tag="040" ind1=" " ind2=" ">
    <subfield code="a">BTCTA</subfield>
    <subfield code="b">eng</subfield>
    <subfield code="c">BTCTA</subfield>
    <subfield code="d">YDXCP</subfield>
    <subfield code="d">BDX</subfield>
    <subfield code="d">ERASA</subfield>
    <subfield code="d">OCLCO</subfield>
    <subfield code="d">CUD</subfield>
    <subfield code="d">OCLCF</subfield>
    <subfield code="d">MEAUC</subfield>
    <subfield code="d">OCLCQ</subfield>
    <subfield code="d">CUT</subfield>
    <subfield code="d">EQO</subfield>
    <subfield code="d">UAB</subfield>
    <subfield code="d">ZWZ</subfield>
    <subfield code="d">DLC</subfield>
    <subfield code="e">rda</subfield>
    <subfield code="d">DLC</subfield>
  </datafield>
  <datafield tag="042" ind1=" " ind2=" ">
    <subfield code="a">lccopycat</subfield>
  </datafield>
  <datafield tag="043" ind1=" " ind2=" ">
    <subfield code="a">f-ua---</subfield>
  </datafield>
  <datafield tag="082" ind1="0" ind2="4">
    <subfield code="2">21</subfield>
    <subfield code="a">726.2</subfield>
    <subfield code="b">CC/S I</subfield>
  </datafield>
  <datafield tag="100" ind1="1" ind2=" ">
    <subfield code="a">Swelim, Tarek.</subfield>
  </datafield>
  <datafield tag="245" ind1="1" ind2="0">
    <subfield code="a">Ibn Tulun :</subfield>
    <subfield code="b">his lost city and great mosque /</subfield>
    <subfield code="c">Tarek Swelim ; with photographs by Matja&#x17E; Ka&#x10D;i&#x10D;nik and 3D renderings, hand drawings, plans, and maps by ARCHiNOS Architecture, Cairo.</subfield>
  </datafield>
  <datafield tag="264" ind1=" " ind2="1">
    <subfield code="a">Cairo :</subfield>
    <subfield code="b">The American University in Cairo Press,</subfield>
    <subfield code="c">[2015]</subfield>
  </datafield>
  <datafield tag="264" ind1=" " ind2="4">
    <subfield code="c">&#xA9;2015</subfield>
  </datafield>
  <datafield tag="300" ind1=" " ind2=" ">
    <subfield code="a">xv, 305 pages :</subfield>
    <subfield code="b">illustrations (some color), color maps, color plans ;</subfield>
    <subfield code="c">25 cm</subfield>
  </datafield>
  <datafield tag="336" ind1=" " ind2=" ">
    <subfield code="a">text</subfield>
    <subfield code="b">txt</subfield>
    <subfield code="2">rdacontent</subfield>
  </datafield>
  <datafield tag="337" ind1=" " ind2=" ">
    <subfield code="a">unmediated</subfield>
    <subfield code="b">n</subfield>
    <subfield code="2">rdamedia</subfield>
  </datafield>
  <datafield tag="338" ind1=" " ind2=" ">
    <subfield code="a">volume</subfield>
    <subfield code="b">nc</subfield>
    <subfield code="2">rdacarrier</subfield>
  </datafield>
  <datafield tag="504" ind1=" " ind2=" ">
    <subfield code="a">Includes bibliographical references (pages 267-300) and index.</subfield>
  </datafield>
  <datafield tag="505" ind1="0" ind2=" ">
    <subfield code="a">Ahmad Ibn Tulun and his city. The sources -- Ahmad Ibn Tulun and his successors -- The lost city of al-Qata'i' -- The mosque of Ibn Tulun : history and architecture. The present-day mosque -- The Tulunid period -- The Ikhshidid and Fatimid periods -- The Ayyubid period -- The Mamluk period -- The Ottoman period -- The Muhammad 'Ali period -- The presidential era -- The legacy of Ibn Tulun.</subfield>
  </datafield>
  <datafield tag="520" ind1="3" ind2=" ">
    <subfield code="a">"Ahmad ibn Tulun (835-84), the son of a Turkic slave in the Abbasid court of Baghdad, became the founder of the first independent state in Egypt since antiquity, and builder of Egypt's short-lived third capital of the Islamic era, al-Qata'i' and its great congregational mosque. After recounting the story of Ibn Tulun and his successors, architectural historian Tarek Swelim presents a topographic survey of al-Qata'i', a city lost since its complete destruction in 905. He then provides a detailed architectural analysis of the Mosque of Ibn Tulun, which was spared the destruction and is now the oldest surviving mosque in Egypt and Africa, from the time of its completion until today. Rare archival illustrations and early photographs document the changing appearance and uses of the mosque in modern times, while extraordinary 3D computer renderings take us back in time to recreate its architectural development through its early centuries. Plans, drawings, and maps complement the history, while striking modern color photographs showcase the elegant simplicity of the building's architecture and decoration. This definitive and generously illustrated book will appeal to scholars and students of Islamic art history, as well as to anyone interested in or inspired by the beauty of early mosque architecture."--Publisher's website.</subfield>
  </datafield>
  <datafield tag="600" ind1="0" ind2="0">
    <subfield code="a">A&#x1E25;mad ibn &#x1E6C;&#x16B;l&#x16B;n,</subfield>
    <subfield code="d">835-884.</subfield>
  </datafield>
  <datafield tag="610" ind1="2" ind2="0">
    <subfield code="a">J&#x101;mi&#x2BB; Ibn &#x1E6C;&#x16B;l&#x16B;n (Cairo, Egypt)</subfield>
  </datafield>
  <datafield tag="650" ind1=" " ind2="0">
    <subfield code="a">Mosques</subfield>
    <subfield code="z">Egypt</subfield>
    <subfield code="x">History.</subfield>
  </datafield>
  <datafield tag="650" ind1=" " ind2="0">
    <subfield code="a">Islamic architecture</subfield>
    <subfield code="z">Egypt.</subfield>
  </datafield>
  <datafield tag="651" ind1=" " ind2="0">
    <subfield code="a">Egypt</subfield>
    <subfield code="x">History</subfield>
    <subfield code="y">640-1250.</subfield>
  </datafield>
  <datafield tag="700" ind1="1" ind2=" ">
    <subfield code="a">Ka&#x10D;i&#x10D;nik, Matja&#x17E;.</subfield>
  </datafield>
  <datafield tag="710" ind1="2" ind2=" ">
    <subfield code="a">ARCHiNOS.</subfield>
  </datafield>
  <datafield tag="856" ind1="4" ind2="2">
    <subfield code="3">Contributor biographical information</subfield>
    <subfield code="u">https://www.loc.gov/catdir/enhancements/fy1614/2015510841-b.html</subfield>
  </datafield>
  <datafield tag="856" ind1="4" ind2="2">
    <subfield code="3">Publisher description</subfield>
    <subfield code="u">https://www.loc.gov/catdir/enhancements/fy1614/2015510841-d.html</subfield>
  </datafield>
  <datafield tag="856" ind1="4" ind2="1">
    <subfield code="3">Table of contents only</subfield>
    <subfield code="u">https://www.loc.gov/catdir/enhancements/fy1614/2015510841-t.html</subfield>
  </datafield>
  <datafield tag="906" ind1=" " ind2=" ">
    <subfield code="a">7</subfield>
    <subfield code="b">cbc</subfield>
    <subfield code="c">copycat</subfield>
    <subfield code="d">2</subfield>
    <subfield code="e">ncip</subfield>
    <subfield code="f">20</subfield>
    <subfield code="g">y-gencatlg</subfield>
  </datafield>
  <datafield tag="942" ind1=" " ind2=" ">
    <subfield code="2">ddc</subfield>
    <subfield code="c">BK</subfield>
  </datafield>
  <datafield tag="999" ind1=" " ind2=" ">
    <subfield code="c">63223</subfield>
    <subfield code="d">63223</subfield>
  </datafield>
  <datafield tag="952" ind1=" " ind2=" ">
    <subfield code="0">0</subfield>
    <subfield code="1">0</subfield>
    <subfield code="2">ddc</subfield>
    <subfield code="4">0</subfield>
    <subfield code="7">0</subfield>
    <subfield code="a">CAI</subfield>
    <subfield code="b">CAI</subfield>
    <subfield code="c">CAIRO-LIBRARY</subfield>
    <subfield code="d">2017-01-14</subfield>
    <subfield code="l">0</subfield>
    <subfield code="o">726.2 CC/S I</subfield>
    <subfield code="p">163195</subfield>
    <subfield code="r">2017-01-14 00:00:00</subfield>
    <subfield code="w">2017-01-14</subfield>
    <subfield code="y">BK</subfield>
  </datafield>
</record>
